01002 a2200193 45000010006000000050017000060080041000230030015000640400040000790800035001192450075001540200018002292640038002473000022002855050376003070410008006831000018006918560099007094492320260407155724.0260407a1994 arg spa dAR-UNSa-BCEJYS aAR-UNSa-BCEJYSbspacAR-UNSa-BCEJYS a330.34xDesarrollo Económico10aInforme sobre el desarrollo mundial 1994pInfraestructura y desarrollo a0-8213-2535-3 1aWashington :bBanco Mundialc1994 ax, 264 p.c27 cm. a1. La infraestructura: logros, problemas y oportunidades – 2. Gestión de las entidades públicas con principios comerciales – 3. Introducción del mercado en los servicios de infraestructura – 4. La infraestructura: más allá del mercado – 5. El financiamiento de las inversiones necesarias – 6. Adopción de prioridades y ejecución de las reformas -  aspa1 aBanco Mundial41uhttps://www.biblioeco.unsa.edu.ar/pmb/images/libros/L127046.jpgyImagen de portadaqimage/jpeg